| 000 | 00626nam a2200205Ia 4500 | ||
|---|---|---|---|
| 003 | GCL | ||
| 008 | 140319s9999 xx 000 0 ara d | ||
| 040 |
_aGCL / _cGCL |
||
| 082 | 0 | 4 |
_a811.6 _bغ م |
| 100 | 1 | _aالطاهر احمد مكى | |
| 245 | 1 | 0 |
_aمع شعراء الاندلس والمتنبى : سير ودراسات / _cالطاهر احمد مكى |
| 700 | 1 | _aغومث، اميليو غرسية | |
| 260 |
_a[S.N] : _bدار المعارف ، _c1992 |
||
| 300 | _a256 ص | ||
| 490 | _a | ||
| 650 | 0 | 4 | _aالشعر العربى |
| 650 | 0 | 4 | _aالشعراء |
| 650 | 0 | 4 | _aالمجموعات |
| 942 |
_2ddc _cBK |
||
| 999 |
_c56139 _d56139 |
||